000
00190 a2200097 4500
020
_a
033500865480
041
_a
eng
100
_a
Richard Scarrys
245
_a
Best Storybook Ever
942
_c
K
999
_c
30404
_d
30402